Fr. Conceicao Rodrigues College of Engineering

Datastructures and algorithm analysis in C (Record no. 31479)

MARC details
000 -LEADER
fixed length control field 00395nam a2200181Ia 4500
082 ## - DEWEY DECIMAL CLASSIFICATION NUMBER
Classification number 5.73
Item number WEI
100 ## - MAIN ENTRY--PERSONAL NAME
Personal name Weiss/Mark Allen
250 ## - EDITION STATEMENT
Edition statement 2
245 ## - TITLE STATEMENT
Title Datastructures and algorithm analysis in C
260 ## - PUBLICATION, DISTRIBUTION, ETC.
Name of publisher, distributor, etc. Pearson
Date of publication, distribution, etc. 1997
366 ## - TRADE AVAILABILITY INFORMATION
Publishers's discount category 25
300 ## - PHYSICAL DESCRIPTION
Extent 527
546 ## - LANGUAGE NOTE
Language note ENGLISH
-- Computers
650 ## - SUBJECT ADDED ENTRY--TOPICAL TERM
Topical term or geographic name entry element Datastructures
654 ## - SUBJECT ADDED ENTRY--FACETED TOPICAL TERMS
Focus term datastructures
942 ## - ADDED ENTRY ELEMENTS (KOHA)
Koha item type BOOK
Holdings
Withdrawn status Lost status Damaged status Not for loan Collection Home library Current library Date acquired Source of acquisition Cost, normal purchase price Inventory number Total Checkouts Full call number Barcode Date last seen Cost, replacement price Price effective from Koha item type
        CRC Fr. Agnel's C.Rodrigues College of Engineering Fr. Agnel's C.Rodrigues College of Engineering 17/03/2023 Book Base 431.25 12317 dt 22/06/2013   5.73 WEI 22758 17/03/2023 575.00   BOOK
        CRC Fr. Agnel's C.Rodrigues College of Engineering Fr. Agnel's C.Rodrigues College of Engineering 17/03/2023 Book Base 431.25 12317 dt 22/06/2013   5.73 WEI 22759 17/03/2023 575.00   BOOK
        CRC Fr. Agnel's C.Rodrigues College of Engineering Fr. Agnel's C.Rodrigues College of Engineering 17/03/2023 Book Base 431.25 12317 dt 22/06/2013   5.73 WEI 22760 17/03/2023 575.00   BOOK
        CRC Fr. Agnel's C.Rodrigues College of Engineering Fr. Agnel's C.Rodrigues College of Engineering 17/03/2023 Book Base 431.25 12317 dt 22/06/2013   5.73 WEI 22761 17/03/2023 575.00   BOOK
        CRC Fr. Agnel's C.Rodrigues College of Engineering Fr. Agnel's C.Rodrigues College of Engineering 17/03/2023 Book Base 431.25 12317 dt 22/06/2013   5.73 WEI 22762 17/03/2023 575.00   BOOK